000
00211nam a2200097Ia 4500
005
20251222114343.0
008
251222s1900||||xx |||||||||||||| ||spa||
082
_a
DVD0120/M26/2002
245
0
_a
Chicago:
942
_c
DVD
999
_c
939
_d
939